[Event "Kemerovo 90 Anniv"]
[Site "Kemerovo"]
[Date "2008.04.20"]
[Round "4"]
[White "Abramov, Boris"]
[Black "Siuniakov, Igor"]
[Result "1-0"]
[WhiteElo "2223"]
[BlackElo "2277"]
[PlyCount "75"]
[EventDate "2008.04.18"]
[EventType "swiss"]
[EventRounds "9"]
[EventCountry "RUS"]
[SourceTitle "EXT 2022"]
[Source "ChessBase"]
[SourceDate "2021.10.06"]
[SourceVersion "1"]
[SourceVersionDate "2021.10.06"]
[SourceQuality "1"]

1. e4 c5 2. Nf3 d6 3. Bb5+ Bd7 4. Bxd7+ Qxd7 5. 0-0 Nc6 6. d4 cxd4 7. Nxd4 Nf6 8. Re1 e6 9. c4 Be7 10. Nc3 0-0 11. b3 a6 12. Nxc6 Qxc6 13. Bb2 b5 14. cxb5 axb5 15. Rc1 Qb7 16. Qe2 Rfb8 17. b4 Nd7 18. f4 Bf6 19. a3 Rc8 20. e5 dxe5 21. Ne4 Bh4 22. g3 Bd8 23. fxe5 Bb6+ 24. Kg2 Rxc1 25. Rxc1 Nxe5 26. Bxe5 f5 27. Kh3 fxe4 28. Qg4 Qf7 29. Qxe4 Rd8 30. Qg4 h6 31. Rc6 Qf1+ 32. Kh4 g5+ 33. Kh5 Qf7+ 34. Kxh6 Qh7+ 35. Kxg5 Be3+ 36. Kf6+ Kf8 37. Bd6+ Rxd6 38. Rc8+ 1-0

[Event "Kuzbass-ch"]
[Site "Kemerovo"]
[Date "2007.12.20"]
[Round "7"]
[White "Abramov, Boris"]
[Black "Ovchinnikova, Alexandra"]
[Result "0-1"]
[WhiteElo "2243"]
[BlackElo "1873"]
[PlyCount "46"]
[EventDate "2007.12.16"]
[EventType "swiss"]
[EventRounds "9"]
[EventCountry "RUS"]
[SourceTitle "CBM 122 Extra"]
[Source "ChessBase"]
[SourceDate "2008.03.04"]
[SourceVersion "1"]
[SourceVersionDate "2008.03.04"]
[SourceQuality "1"]

1. d4 d5 2. Nc3 Nf6 3. Nf3 e6 4. Bg5 Nbd7 5. e4 dxe4 6. Nxe4 Be7 7. Nxf6+ Nxf6 8. Bd3 h6 9. Bh4 c5 10. dxc5 Qa5+ 11. c3 Qxc5 12. Qe2 0-0 13. Bxf6 Bxf6 14. Qe4 g6 15. h4 h5 16. Rh3 Bxc3+ 17. Ke2 Bxb2 18. Rg3 Bxa1 19. Rxg6+ fxg6 20. Qxg6+ Bg7 21. Qh7+ Kf7 22. Qg6+ Ke7 23. Qxg7+ Rf7 0-1

[Event "Kuzbass-ch"]
[Site "Kemerovo"]
[Date "2007.12.17"]
[Round "2"]
[White "Rekhovsky, Jury"]
[Black "Abramov, Boris"]
[Result "1/2-1/2"]
[WhiteElo "2148"]
[BlackElo "2243"]
[PlyCount "30"]
[EventDate "2007.12.16"]
[EventType "swiss"]
[EventRounds "9"]
[EventCountry "RUS"]
[SourceTitle "CBM 122 Extra"]
[Source "ChessBase"]
[SourceDate "2008.03.04"]
[SourceVersion "1"]
[SourceVersionDate "2008.03.04"]
[SourceQuality "1"]

1. d4 d6 2. c4 e5 3. dxe5 dxe5 4. Qxd8+ Kxd8 5. Nf3 f6 6. Nc3 c6 7. e4 Ne7 8. Be3 Be6 9. 0-0-0+ Nd7 10. h4 h5 11. g3 Kc7 12. Bh3 Bxh3 13. Rxh3 g6 14. Rhh1 Bh6 15. Rhe1 Bxe3+ 1/2-1/2

[Event "Kuzbass-ch"]
[Site "Kemerovo"]
[Date "2007.12.16"]
[Round "1"]
[White "Abramov, Boris"]
[Black "Sinkin, Boris"]
[Result "1/2-1/2"]
[WhiteElo "2243"]
[BlackElo "1990"]
[PlyCount "143"]
[EventDate "2007.12.16"]
[EventType "swiss"]
[EventRounds "9"]
[EventCountry "RUS"]
[SourceTitle "CBM 122 Extra"]
[Source "ChessBase"]
[SourceDate "2008.03.04"]
[SourceVersion "1"]
[SourceVersionDate "2008.03.04"]
[SourceQuality "1"]

1. e4 c5 2. d3 d6 3. g3 Nc6 4. Bg2 Nf6 5. Nf3 e6 6. 0-0 Be7 7. Re1 Qc7 8. Nbd2 0-0 9. Nf1 Bd7 10. c3 Rac8 11. Qe2 Rfd8 12. Bg5 h6 13. Bf4 Ne5 14. Rad1 Bc6 15. h3 Rd7 16. g4 Nxf3+ 17. Bxf3 Nh7 18. Bg2 Rcd8 19. Ne3 Nf8 20. Bg3 Ng6 21. f4 d5 22. Qf2 Qa5 23. e5 Qc7 24. d4 cxd4 25. cxd4 Bb4 26. Re2 Rc8 27. Rc2 Qd8 28. f5 Nf8 29. Rdc1 Rdc7 30. a3 Ba5 31. Bh4 Qd7 32. b4 Bb6 33. Qd2 Ba4 34. Rxc7 Rxc7 35. Rxc7 Qxc7 36. g5 hxg5 37. Bxg5 Bc6 38. h4 exf5 39. a4 Ne6 40. b5 Bxd4 41. bxc6 bxc6 42. Kh1 Qxe5 43. Nc2 f6 44. Be3 c5 45. Bxd4 cxd4 46. Nb4 Nf4 47. Nd3 Nxd3 48. Qxd3 Qe1+ 49. Kh2 Qxh4+ 50. Kg1 Qe1+ 51. Kh2 Qe5+ 52. Kh1 Kh7 53. Qb5 Kh6 54. Bxd5 g5 55. Qb7 d3 56. Qa8 Kh5 57. Bg2 g4 58. Qh8+ Kg5 59. Qg7+ Kf4 60. Qh6+ Kg3 61. Qh2+ Kf2 62. Qg1+ Ke2 63. Qf1+ Kd2 64. Qf2+ Kc3 65. Qxa7 g3 66. Qg1 Kc2 67. Bf3 d2 68. Qd1+ Kc3 69. Kg2 Qe1 70. Qe2 Qxe2+ 71. Bxe2 Kb4 72. Kxg3 1/2-1/2

[Event "RUS-chT (club)"]
[Site "Novokuznetsk"]
[Date "1999.??.??"]
[Round "?"]
[White "Abramov, Boris"]
[Black "Arkhipov, Sergey"]
[Result "1-0"]
[WhiteElo "2302"]
[BlackElo "2518"]
[PlyCount "77"]
[EventDate "1999.??.??"]
[EventType "team-tourn"]
[EventRounds "11"]
[EventCountry "RUS"]
[SourceTitle "EXT 2001"]
[Source "ChessBase"]
[SourceDate "2000.11.22"]
[SourceVersion "1"]
[SourceVersionDate "2000.11.22"]
[SourceQuality "1"]

1. e4 c5 2. Nf3 Nc6 3. Bb5 e6 4. 0-0 Nge7 5. d4 cxd4 6. Nxd4 Qb6 7. Bxc6 Nxc6 8. Nb3 Be7 9. Nc3 d6 10. a4 0-0 11. a5 Qa6 12. f4 b6 13. axb6 Qxb6+ 14. Kh1 Nb4 15. Ra5 a6 16. Qe2 Bb7 17. Be3 Qc7 18. Rh5 Rac8 19. Bd4 f6 20. Rf3 Qc4 21. Qf2 e5 22. Qh4 Kf7 23. fxe5 dxe5 24. Rxe5 Ke8 25. Rxe7+ Kxe7 26. Qxh7 Rf7 27. Qf5 Nxc2 28. Bc5+ Kd8 29. Bb6+ Ke7 30. Na5 Qe6 31. Bc5+ Rxc5 32. Qxc5+ Ke8 33. Nxb7 Rxb7 34. Nd5 Ne1 35. Rf1 Nxg2 36. Nc7+ Rxc7 37. Qxc7 Qxe4 38. Qc8+ Kf7 39. Qd7+ 1-0